|
|
|
|
| LEADER |
01264nam a22002537a 4500 |
| 001 |
37908 |
| 003 |
BD-DhAAL |
| 008 |
220309t2019 bg a|||| b||| 001 0 ben d |
| 020 |
|
|
|a 9789843392916
|
| 040 |
|
|
|a BD-DhAAL
|
| 041 |
|
|
|a ben
|
| 082 |
|
|
|a 297.12
|2 23
|
| 100 |
|
|
|a সা'দী, মীর লুৎফুল কবীর.
|9 46646
|
| 245 |
|
|
|a কুরআন মাজীদের আদেশ ও নিষেধ /
|c মীর লুৎফুল কবীর সা'দী.
|
| 246 |
|
|
|a Commandments and prohibitions of the Qur'an Majeed
|
| 260 |
|
|
|a ঢাকা :
|b কসমিক পাবলিকেশন্স,
|c ২০১৯.
|
| 300 |
|
|
|a ২০৪ পৃষ্ঠা :
|b চিত্র ;
|c ২২ সে.মি.
|
| 504 |
|
|
|a গ্রন্থপঞ্জিগত নির্দেশিকা (পৃষ্ঠা ২০৪) ও নির্ঘণ্ট অন্তর্ভুক্ত।
|
| 541 |
|
|
|a Donated By Akbar Ali Khan
|e 37908
|
| 650 |
|
|
|a Quran.
|9 46647
|
| 852 |
|
|
|a Ayesha Abed Library
|c Akbar Ali Khan Collection
|
| 942 |
|
|
|2 ddc
|c BK
|
| 999 |
|
|
|c 43713
|d 43713
|
| 952 |
|
|
|0 0
|1 0
|2 ddc
|4 0
|6 297_120000000000000_SAA
|7 1
|9 70054
|a BRACUL
|b BRACUL
|c AAKC
|d 2022-03-09
|e Donated by Akbar Ali Khan
|l 0
|o 297.12 SAA
|p 3010037908
|r 2022-03-09
|t 1
|w 2022-03-09
|y BK
|